01017 am a2200229 a 450000500170000000800410001702000180005804100080007610000320008424501230011625000110023926000900025030000110034050002090035165300370056065300370059765300420063465300270067665300200070370000340072370000300075720240530110804.0110328s2010||||ag a f |||| 001 0 spa d a9879879322482 aspa1 aRodríguez, Susana Alicia. aEnfermería Pediátrica y Neonatal.bPrograma de Formación a Distancia. Cuadernillo 2 /cSusana Alicia Rodríguez a1a ed. aBuenos Aires: bFundación Hospital Pediatría "Prof. Dr. Juan P. Garrahan";c2010. a385 p. aRodríguez, S. A., Reinoso, G. N. y Fernández, A. B. (2010). Enfermería Pediátrica y Neonatal. Cuadernillo 2. (1a ed.). Buenos Aires : Fundación Hospital Pediatría "Prof. Dr. Juan P. Garrahan". aEnfermeria pediatrica y neonatal aInsuficiencia respiratoria aguda aInsuficiencia renal aguda y crónica aControl de infecciones aRecién nacido1 aFernández, Alicia Beatríz1 aReinoso, Graciela Noemí